Filosofía de la filosofía en Centroamérica /

Sparad:
Bibliografiska uppgifter
Huvudupphovsman: Balcárcel, José Luis
Materialtyp: Bok
Språk:Spanish
Taggar: Lägg till en tagg
Inga taggar, Lägg till första taggen!

MARC

LEADER 00000nam a22000007a 4500
003 cru CIDCACS/IIS
005 20220510132459.0
007 ta
008 181004s1977 cr q||p|r||||||0| ||spa|d
040 |c cru CIDCACS/IIS 
100 1 |9 7771  |a Balcárcel, José Luis 
245 |a Filosofía de la filosofía en Centroamérica /  |c José Luis Balcárcel 
300 |a páginas 111-115 
773 0 |0 41758  |9 2308  |a Universidad Nacional de Costa Rica.  |d Heredia, Costa Rica: UNA 1975-  |o 17484  |t Praxis / 
942 |2 ddc  |c PP 
999 |c 41762  |d 41762